| 000 | 01465nab a2200253 i 4500 | ||
|---|---|---|---|
| 001 | 768714001 | ||
| 003 | CO-MdFUSB | ||
| 005 | 20240712120731.0 | ||
| 008 | 240712t2002 sz ||||| |||| 00| 0 eng d | ||
| 040 |
_bspa _cCO-MdFUSB _dCO-MdFUSB |
||
| 041 | _aeng | ||
| 100 |
_aCruchley-Jones, Peter, _eautor |
||
| 245 |
_aLiving without walls : _bmission in the rupture _c/ Peter Cruchley-Jones |
||
| 520 | _aEl alejamiento de la eclesiología como nuestro enfoque y propósito siempre es difícil de mantener. Incluso cuando compartimos la misión en unidad, todavía existe la posibilidad de que esto sea solo eclesiología al cuadrado. En cambio, en toda vulnerabilidad, podemos intentar, como Jeremías, entrar en el nuevo lugar que habitamos, cantando el cántico del Señor, escuchando su voz y buscando nuevas señales de su presencia en la misión más allá de los confines de la iglesia. Esto podría enseñarnos también a vivir la visión de Zacarías de una ciudad sin murallas. | ||
| 546 | _aTexto en inglés. | ||
| 630 | 0 | 7 |
_aBiblia. _pAntiguo Testamento _xCrítica, interpretación, etc. |
| 650 | 7 |
_aHermenéutica bíblica _97333 |
|
| 650 | 0 |
_aMisiones _9154 |
|
| 650 | 7 |
_aTeología dogmática _96937 |
|
| 650 | 7 |
_aIglesia _9655 |
|
| 773 | 0 |
_049396 _959513 _dGinebra _oR1163 _tReformed World _w(CO-MdFUSB)38 _x0034-3056 _gVolumen 52, (número 2, 2002) páginas: 94 - 104 _qpágina: 94 |
|
| 942 | _cANA | ||
| 945 | _aCatherine Arias Alvarez - Practicante SENA | ||
| 999 |
_c70488 _d70488 |
||